书目信息 |
| 题名: |
跆拳道
|
|
| 作者: | 李震 编著 | |
| 分册: | ||
| 出版信息: | 长春 吉林文史出版社 2015 |
|
| 页数: | 186页 | |
| 开本: | 24cm | |
| 丛书名: | ||
| 单 册: | ||
| 中图分类: | G886.9 | |
| 科图分类: | ||
| 主题词: | 跆拳道--基本知识 | |
| 电子资源: | ||
| ISBN: | 978-7-5472-2232-4 | |
| 000 | 00713nam0 2200229 450 | |
| 001 | 1747 | |
| 005 | 20180522142156.16 | |
| 010 | @a978-7-5472-2232-4@dCNY29.80 | |
| 100 | @a20151101d2015 em y0chiy50 ea | |
| 101 | 0 | @achi |
| 102 | @aCN@b220000 | |
| 105 | @aa z 000yy | |
| 200 | 1 | @a跆拳道@9tai quan dao@f李震编著 |
| 210 | @a长春@c吉林文史出版社@d2015 | |
| 215 | @a186页@c彩图@d24cm | |
| 300 | @a最受欢迎的全民健身项目指导用书 彩图版 | |
| 330 | @a本书以统一的体例、创新的形式,讲解了跆拳道的起源与发展、运动保健、基本技术、运动技巧、比赛规则等内容。 | |
| 606 | 0 | @a跆拳道@x基本知识 |
| 690 | @aG886.9@v5 | |
| 701 | 0 | @a李震@9li zhen@4编著 |
| 801 | 0 | @aCN@b91MARC@c20151101 |
| 905 | @aMuseLib@dG886.9@e154 | |
| 跆拳道/李震编著.-长春:吉林文史出版社,2015 |
| 186页:彩图;24cm |
| 最受欢迎的全民健身项目指导用书 彩图版 |
| ISBN 978-7-5472-2232-4:CNY29.80 |
| 本书以统一的体例、创新的形式,讲解了跆拳道的起源与发展、运动保健、基本技术、运动技巧、比赛规则等内容。 |
| ● |
| 相关链接 |
|
|
|
|
正题名:跆拳道
索取号:G886.9/154
 
预约/预借
| 序号 | 登录号 | 条形码 | 馆藏地/架位号 | 状态 | 备注 |
| 1 | 1106337 | 211063374 | 第一样本阅览室/ [索取号:G886.9/154] | 在馆 | |
| 2 | 1106338 | 211063383 | 教育系资料室/ [索取号:G886.9/154] | 在馆 | |
| 3 | 1106339 | 211063392 | 教育系资料室/ [索取号:G886.9/154] | 在馆 | |
| 4 | 1106340 | 211063409 | 教育系资料室/ [索取号:G886.9/154] | 在馆 | |
| 5 | 1106341 | 211063418 | 第四借阅区/ [索取号:G886.9/154] | 在馆 | |
| 6 | 1106342 | 211063427 | 第四借阅区/ [索取号:G886.9/154] | 在馆 |